Manual de contratos (Registro nro. 1880)
[ vista simple ]
| 000 -LEADER | |
|---|---|
| fixed length control field | 02008 a2200241 4500 |
| 001 - CONTROL NUMBER | |
| control field | 29455 |
| 005 - DATE AND TIME OF LATEST TRANSACTION | |
| control field | 20260407155604.0 |
| 008 - FIXED-LENGTH DATA ELEMENTS--GENERAL INFORMATION | |
| fixed length control field | 260407a2004 arg spa d |
| 003 - CONTROL NUMBER IDENTIFIER | |
| control field | AR-UNSa-BCEJYS |
| 040 ## - CATALOGING SOURCE | |
| Original cataloging agency | AR-UNSa-BCEJYS |
| Language of cataloging | spa |
| Transcribing agency | AR-UNSa-BCEJYS |
| 080 ## - UNIVERSAL DECIMAL CLASSIFICATION NUMBER | |
| Universal Decimal Classification number | 347.44 |
| Common auxiliary subdivision | Contratos en general. Obligaciones |
| 020 ## - INTERNATIONAL STANDARD BOOK NUMBER | |
| International Standard Book Number | 950-20-1575-4 |
| 041 ## - LANGUAGE CODE | |
| Language code of text/sound track or separate title | spa |
| 100 1# - MAIN ENTRY--PERSONAL NAME | |
| Personal name | Borda, Guillermo A. |
| 245 10 - TITLE STATEMENT | |
| Title | Manual de contratos |
| 250 ## - EDITION STATEMENT | |
| Edition statement | 20a. ed. |
| 264 #1 - PRODUCTION, PUBLICATION, DISTRIBUTION, MANUFACTURE, AND COPYRIGHT NOTICE | |
| Place of production, publication, distribution, manufacture | Buenos Aires : |
| Name of producer, publisher, distributor, manufacturer | Abeledo Perrot |
| Date of production, publication, distribution, manufacture, or copyright notice | 2004 |
| 300 ## - PHYSICAL DESCRIPTION | |
| Extent | 887 p. |
| Dimensions | 22 cm. |
| 505 ## - FORMATTED CONTENTS NOTE | |
| Formatted contents note | 1. Nociones Generales - 2. Elementos de los contratos . El consentimiento - 3. Elementos de los contratos - 4.Efectos de los contratos - 5. Resolución y extinción de los contratos - 6. Compraventa y permuta; Elementos peculiares de la compraventa; Obligaciones del vendedor; Obligaciones del comprador; Modalidades de la compraventa; Promesas de compra o de venta. Boletos de compra venta; Permuta - 7. Cesión de derechos; Efectos de la cesión - 8. Locación de cosas. Conceptos y elementos; Obligaciones del locador; Obligaciones del locatario; Cesión de la locación y sublocación; Conclusión de la locación; Arrendamientos y aparcerías rurales - 9. Leasing - 10. Contrato de trabajo(Contrato de servicios)- 11. Locación de obra (Contrato de obra); Obligaciones del empresario y del dueño; Cesión y fin del contrato de obra; Contratos afines - 12. Sociedad. Conceptos y elementos; Vida de la sociedad; Sociedades irregulares o de hecho - 13. Donación - 14. Mandato - 15. Gestión de negocios ajenos sin mandato - 16. Fianza - 17. Contratos aleatorios; Juegos y apuesta; Renta vitalicia - 18. Depósito - 19. Préstamos. Mutuo o préstamo de consumo; Comodato o préstamo de uso - 20. Evicción - 21. Fideicomiso. Contrato de fideicomiso; Fideicomiso financiero |
| 590 ## - LOCAL NOTE (RLIN) | |
| Local note | niveau_biblio:m niveau_hierar:0 |
| 856 41 - ELECTRONIC LOCATION AND ACCESS | |
| Uniform Resource Identifier | <a href="https://biblioeco.unsa.edu.ar/pmb/images/libros/Manual de contratos-l87762.jpg">https://biblioeco.unsa.edu.ar/pmb/images/libros/Manual de contratos-l87762.jpg</a> |
| Link text | Imagen de portada |
| Electronic format type | image/jpeg |
| 942 ## - ADDED ENTRY ELEMENTS (KOHA) | |
| Koha item type | |
| Withdrawn status | Lost status | Damaged status | Not for loan | Home library | Current library | Shelving location | Date acquired | Total checkouts | Full call number | Barcode | Date last seen | Price effective from | Koha item type |
|---|---|---|---|---|---|---|---|---|---|---|---|---|---|
| Biblioteca Prof. Eusebio Cleto del Rey | Biblioteca Prof. Eusebio Cleto del Rey | 07/04/2026 | 347.44 B727 20ed. | L87762 | 07/04/2026 | 07/04/2026 | Libro | ||||||
| Biblioteca Prof. Eusebio Cleto del Rey | Biblioteca Prof. Eusebio Cleto del Rey | 07/04/2026 | 347.44 B727 20ed. | L87765 | 07/04/2026 | 07/04/2026 | Libro | ||||||
| Biblioteca Prof. Eusebio Cleto del Rey | Biblioteca Prof. Eusebio Cleto del Rey | 07/04/2026 | 347.44 B727 20ed. | L87766 | 07/04/2026 | 07/04/2026 | Libro | ||||||
| Biblioteca Prof. Eusebio Cleto del Rey | Biblioteca Prof. Eusebio Cleto del Rey | 07/04/2026 | 347.44 B727 20ed. | L87764 | 07/04/2026 | 07/04/2026 | Libro | ||||||
| Biblioteca Prof. Eusebio Cleto del Rey | Biblioteca Prof. Eusebio Cleto del Rey | 07/04/2026 | 347.44 B727 20ed. | L87763 | 07/04/2026 | 07/04/2026 | Libro |